| 000 | 00000nam##2200000za#4500 |
| 001 | 9.649436 |
| 003 | CaOODSP |
| 005 | 20210615113718 |
| 007 | ta |
| 008 | 150407|2004||||xxc||||| f|0| 0 eng|d |
| 040 | |aCaOODSP|beng |
| 043 | |an-cn--- |
| 086 | 1 |aRC31-23/2004E |
| 110 | 1 |aCanada.|bIndian Claims Commission. |
| 245 | 10|aReport on the mediation of the Thunderchild First Nation 1908 surrender claim |
| 246 | 1 |aThunderchild First Nation: Report on: 1908 Reserve Land Surrender (Mediation) |
| 260 | |aOttawa - Ontario : |bIndian Claims Commission |c2004. |
| 300 | |a12p. : |bmaps, references ; |c28 cm. |
| 520 | 3 |aThis report contains a brief summary of the history of the Thunderchild First Nation 1908 surrender claim and a review of the negotiations that led to a final agreement in September 2003. The claim, which was formally submitted in February 1986, asserted that the Thunderchild surrender of reserve land in 1908 was, among other things, null and void. |
| 563 | |aSpiral binding |
| 590 | |a04-38|b2004-09-17 |
| 690 | 07|aIndigenous peoples|2gcpds |
| 690 | 07|aLand claims|2gcpds |
| 775 | 08|tRapport de médiation sur la revendication de la Première Nation de Thunderchild relative à la cession de 1908 |w(CaOODSP)9.682631 |
| 776 | 0#|tReport on the mediation of the Thunderchild First Nation 1908 surrender claim |w(CaOODSP)9.687140 |